000 00545nam a22001697a 4500
003 0
005 20231106142936.0
008 230314b xxu||||| |||| 00| 0 eng d
050 _aRC 569
_b.B33 2022
100 _aNatalie Nicole F. Bade
245 _aSocial appearance anxiety and fear of negative evaluation among adults
_cNatalie Nicole F. Bade
260 _aLas Pinas City
_bSouthville International School and Colleges
_cC2022
300 _ax,130pp.
_c28cm.
_fTheses
500 _aSocial appearance.
500 _aAnxiety.
942 _2lcc
_cTH
999 _c364942
_d364942